| 000 | 01736cam a22003615i 4500 | ||
|---|---|---|---|
| 999 |
_c27861 _d27832 |
||
| 001 | 15911894 | ||
| 003 | EG-ScBUE | ||
| 005 | 20191126110728.0 | ||
| 008 | 090918s2010 mdu f b 001 0 eng d | ||
| 020 | _a9780801894978 (pbk. : alk. paper) | ||
| 020 | _a0801894972 (pbk. : alk. paper) | ||
| 035 | _a(OCoLC)ocn439901884 | ||
| 040 |
_aDLC _beng _erda _cDLC _dYDXCP _dC#P _dCDX _dBWX _dDLC _dEG-ScBUE |
||
| 043 |
_an-us--- _ad------ |
||
| 082 | 0 | 4 |
_a333.790973 _bSTO _222 |
| 100 | 1 |
_aStokes, Doug, _d1972- _eauthor. |
|
| 245 | 1 | 0 |
_aGlobal energy security and American hegemony / _cDoug Stokes and Sam Raphael. |
| 264 | 1 |
_aBaltimore, Maryland : _bJohns Hopkins University Press, _c2010. |
|
| 300 |
_a280 pages ; _c24 cm. |
||
| 336 |
_2rdacontent _atext _btxt |
||
| 337 |
_2rdamedia _aunmediated _bn |
||
| 338 |
_2rdacarrier _avolume _bnc |
||
| 490 | 0 | _aThemes in global social change | |
| 504 | _aIncludes bibliographical references and index. | ||
| 520 | _a"This analysis of the United States and energy security examines the close relationship between US military supremacy in oil-rich regions and America's maintenance of global power. Energy security generally evokes thoughts of American intervention in the Middle East to protect US interests in that region's oil-rich fields. Doug Stokes and Sam Raphael move beyond that framework to consider US actions in Latin. | ||
| 650 | 7 |
_aEnergy policy _zUnited States. _2BUEsh |
|
| 651 | 7 |
_aUnited States _xForeign economic relations _zDeveloping countries. _2BUEsh |
|
| 651 | 7 |
_aDeveloping countries _xForeign economic relations _zUnited States. _2BUEsh |
|
| 653 |
_bBUSBOL _bMASPPSS _cNovember2019 |
||
| 655 | _vReading book | ||
| 700 | 1 |
_aRaphael, Sam, _d1977- _eauthor. |
|
| 942 |
_2ddc _cBB |
||